|
|
|
|
| LEADER |
00788nam a22002412a 4500 |
| 001 |
001220443 |
| 003 |
CZ BrMZK |
| 005 |
20140623145844.0 |
| 007 |
ta |
| 008 |
120606s1976 xo er 000 0 slo d |
| 040 |
|
|
|a BOA001
|b cze
|
| 100 |
1 |
|
|a Šanta, Michal
|7 jx20040116006
|4 aut
|
| 245 |
1 |
0 |
|a Závlahy-trávy-úžitkovosť /
|c Michal Šanta, P. Pagáč
|
| 250 |
|
|
|a 1. vyd.
|
| 260 |
|
|
|a Bratislava :
|b Príroda,
|c 1976
|
| 300 |
|
|
|a 63 s.
|
| 490 |
1 |
|
|a Edícia Ministerstva poľnohospodárstva a výživy SSR
|
| 700 |
1 |
|
|a Pagáč, Pavol
|7 xx0022793
|4 aut
|
| 830 |
|
0 |
|a Edícia Ministerstva poľnohospodárstva a výživy SSR
|
| 910 |
|
|
|a BOA001
|b 2-0755.997
|
| 990 |
|
|
|a BK
|
| 991 |
|
|
|b 201206
|
| 996 |
7 |
|
|b 2619532778
|c 2-0755.997
|l MZK
|r Sklad / do 1 hodiny
|n 2
|w 001254374
|u 000010
|a 1
|e BOA001
|j MZK50
|s A
|